Central Library OPAC University of Rajshahi

The invertebrata : (Record no. 37897)

MARC details
000 -LEADER
fixed length control field 00962nam a2200265 a 4500
001 - CONTROL NUMBER
control field 37897
003 - CONTROL NUMBER IDENTIFIER
rucl marc code BD-RjUL
005 - DATE AND TIME OF LATEST TRANSACTION
control field 20211209052701.0
008 - FIXED-LENGTH DATA ELEMENTS--GENERAL INFORMATION
fixed length control field 791217r19671961enka b 001 0 eng u
035 ## - SYSTEM CONTROL NUMBER
System control number OCLC ocm05806181 from D970731M
-- (BD-RjUL)38002
040 ## - CATALOGING SOURCE
Transcribing agency PGC
Modifying agency OCL
-- UKM
-- YSM
-- OCL
-- EQO
Original cataloging agency BD-RjUL
Language of cataloging eng
041 ## - LANGUAGE CODE
Language code of text/sound track or separate title eng
082 04 - DEWEY DECIMAL CLASSIFICATION NUMBER
Classification number 592
Author mark and year BIO 1967
100 1# - MAIN ENTRY--PERSONAL NAME
Personal name Borradaile, L. A.
Fuller form of name (Lancelot Alexander),
Dates associated with a name 1872-1945.
9 (RLIN) 117412
245 14 - TITLE STATEMENT
Title The invertebrata :
Remainder of title a manual for the use of students /
Statement of responsibility, etc. by L.A. Borradaile & F.A. Potts. With chapters by L.E.S. Eastham and J.T. Saunders.
250 ## - EDITION STATEMENT
Edition statement 4th ed.,
260 ## - PUBLICATION, DISTRIBUTION, ETC. (IMPRINT)
Place of publication, distribution, etc. Cambridge [Eng.] :
Name of publisher, distributor, etc. University Press,
Date of publication, distribution, etc. 1961 [Reprinted 1967].
300 ## - PHYSICAL DESCRIPTION
Pagination xvii, 820 p. :
Illustrations ill. ;
Size 23 cm.
500 ## - GENERAL NOTE
General note Includes index.
504 ## - BIBLIOGRAPHY, ETC. NOTE
Bibliography, etc Bibliography: p. [740]-789.
650 #0 - SUBJECT ADDED ENTRY--TOPICAL TERM
Topical term or geographic name as entry element Invertebrates.
9 (RLIN) 117411
700 1# - ADDED ENTRY--PERSONAL NAME
Personal name Potts, F. A.
Fuller form of name (Frank Armitage)
Personal name Kerkut, G. A.
942 ## - ADDED ENTRY ELEMENTS (KOHA)
Source of classification or shelving scheme Dewey Decimal Classification
Koha item type Books
Holdings
Lost status Source of classification or shelving scheme Damaged status Not for loan Collection code Permanent Location Current Location Shelving location Date acquired Total Checkouts Full call number Date last seen Date checked out Copy number Koha item type Source of acquisition Cost, normal purchase price
  Dewey Decimal Classification     Non-fiction Central Library, University of Rajshahi Central Library, University of Rajshahi   08/08/2015 2 592 BOI 1967 14/09/2015 30/08/2015 C-2 Books    
  Dewey Decimal Classification   Not For Loan Non-fiction Central Library, University of Rajshahi Central Library, University of Rajshahi Reading Room 07/10/1969   592 BOI 1963 25/05/2017   C-1 Books Sweet & Zeitlinger 19.00
  Dewey Decimal Classification     Non-fiction Central Library, University of Rajshahi Central Library, University of Rajshahi   21/11/1974   592 BOI 1967 28/11/2018   C-3 Books Janathan ware & co. 5.40
  Dewey Decimal Classification     Non-fiction Central Library, University of Rajshahi Central Library, University of Rajshahi   21/11/1974   592 BOI 1967 29/11/2018   C-4 Books Johnathan wren & co. 5.40
  Dewey Decimal Classification     Non-fiction Central Library, University of Rajshahi Central Library, University of Rajshahi   21/11/1974   592 BOI 1967 29/11/2018   C-5 Books Johnathan wren & co. 5.40